000
00257cam a22000857a 4500
008
180718b1962 xxu||||| |||| 00| 0 eng d
082
_a
L278x42 CF/1960-61
245
_a
Cinematograph fund account 1960-61
260
_a
London
_b
Her Majesty's Stationery Office
_c
1962
999
_c
500342
_d
500342